000 00672nam a2200193 i 4500
001 70816
003 ES-MaACL
005 20251115063241.0
007 t|
008 040803s1962 sp ||||1| spa d
100 1 _aGarrido Lestache, Juan,
_dn. 1891
_955710
245 1 0 _aPatología de la región umbilical en la infancia... /
_cJ. Garrido-Lestache Díaz.
260 _aMadrid :
_bLibrería Científico Médica Española,
_c1962.
300 _a93 p., 3 lám. :
_bil. ;
_c21 cm.
490 1 _aCuadernos de pediatría quirúrgica
830 0 _aCuadernos de pediatría quirúrgica
_9231048
852 _aES-MaACL
_jC-23659
_bR.51317
999 _c70816
_d70816